[Event "GER-ch U12"]
[Site "Oberhof"]
[Date "2013.05.22"]
[Round "6"]
[White "Buermann, Theresia"]
[Black "Schubert, Lea Sophie"]
[Result "0-1"]
[WhiteElo "1187"]
[BlackElo "816"]
[PlyCount "138"]
[EventDate "2013.05.19"]
[EventType "swiss"]
[EventRounds "11"]
[EventCountry "GER"]
[SourceTitle "CBM 154 Extra"]
[Source "ChessBase"]
[SourceDate "2013.06.25"]
[SourceVersion "2"]
[SourceVersionDate "2013.06.25"]
[SourceQuality "1"]

1. e4 e5 2. Nf3 Nc6 3. Bc4 Bc5 4. c3 Nf6 5. d3 d5 6. exd5 Nxd5 7. 0-0 Be6 8. Qe2 f6 9. d4 Bd6 10. Re1 Qe7 11. h3 0-0 12. Nh2 a6 13. Bb3 Qf7 14. Kh1 Rfe8 15. Qd3 Nf4 16. Qc2 Bxb3 17. Qxb3 Qxb3 18. axb3 Nd3 19. Rf1 exd4 20. Kg1 dxc3 21. Nxc3 Nd4 22. Be3 Nxb3 23. Ra2 b6 24. Rd1 Nbc5 25. Bxc5 Bxc5 26. Na4 Bb4 27. Nf3 Re2 28. Re1 Bxe1 29. Nxe1 Rxe1+ 30. Kh2 Re2 31. Kg3 Nc5 32. Nc3 Ne4+ 33. Nxe4 Rxe4 34. Ra1 Rd8 35. Rc1 c5 36. Rb1 Rd3+ 37. Kh2 Re2 38. Ra1 a5 39. Rg1 Rxf2 40. b3 Rxh3+ 41. Kxh3 Rb2 42. Rc1 Rxb3+ 43. Kh4 g5+ 44. Kg4 a4 45. Ra1 a3 46. g3 b5 47. Kh3 b4 48. Kg2 Rb2+ 49. Kf3 b3 50. Rxa3 c4 51. Ke3 Ra2 52. Rxb3 cxb3 53. Kd3 b2 54. Kc2 h5 55. Kb1 Ra1+ 56. Kxb2 Rg1 57. Kc2 Rxg3 58. Kd2 h4 59. Ke2 Ra3 60. Kf2 g4 61. Kg2 h3+ 62. Kh2 Kg7 63. Kg1 Ra2 64. Kh1 f5 65. Kg1 f4 66. Kh1 f3 67. Kg1 g3 68. Kf1 h2 69. Ke1 h1R# 0-1

[Event "GER-chT U18 Girls"]
[Site "Germany"]
[Date "2011.05.14"]
[Round "6.4"]
[White "Hellmann, Stella"]
[Black "Schubert, Lea Sophie"]
[Result "1-0"]
[WhiteElo "800"]
[BlackElo "800"]
[PlyCount "81"]
[EventDate "2011.05.13"]
[EventType "team-swiss"]
[EventRounds "7"]
[EventCountry "GER"]
[SourceTitle "EXT 2012"]
[Source "ChessBase"]
[SourceDate "2011.11.24"]
[SourceVersion "1"]
[SourceVersionDate "2011.11.24"]
[SourceQuality "1"]
[WhiteTeam "Carolinum Gymn (W)"]
[BlackTeam "Remplin Benjamins (W)"]
[WhiteTeamCountry "GER"]
[BlackTeamCountry "GER"]

1. g3 e5 2. Nf3 Nc6 3. Nc3 b6 4. Bh3 Bb4 5. 0-0 Nge7 6. a3 e4 7. Nxe4 Bc5 8. Nxc5 bxc5 9. d3 0-0 10. Bg5 h6 11. Bxe7 Nxe7 12. b4 cxb4 13. axb4 Rb8 14. c3 Nd5 15. Rxa7 Nxc3 16. Qc1 Na2 17. Rxa2 Bb7 18. Ra7 Bxf3 19. exf3 Qg5 20. f4 Qd8 21. Rxc7 Rxb4 22. Qc3 Rb8 23. g4 Rc8 24. Rc1 Re8 25. g5 Re7 26. gxh6 d5 27. d4 Rcxc7 28. Qxc7 Rxc7 29. Re1 g6 30. f5 Qc8 31. Kg2 Rc1 32. Re5 Qa6 33. Re8+ Kh7 34. Kg3 Rg1+ 35. Kf4 Qd6+ 36. Kf3 g5 37. Bg4 Qf4+ 38. Ke2 Qxh2 39. f6 Rg2 40. Bf5+ Kxh6 41. Rh8# 1-0

[Event "GER-chT U18 Girls"]
[Site "Germany"]
[Date "2011.05.13"]
[Round "2.4"]
[White "Schimmel, Sarina"]
[Black "Schubert, Lea Sophie"]
[Result "1-0"]
[WhiteElo "890"]
[BlackElo "800"]
[PlyCount "77"]
[EventDate "2011.05.13"]
[EventType "team-swiss"]
[EventRounds "7"]
[EventCountry "GER"]
[SourceTitle "EXT 2012"]
[Source "ChessBase"]
[SourceDate "2011.11.24"]
[SourceVersion "1"]
[SourceVersionDate "2011.11.24"]
[SourceQuality "1"]
[WhiteTeam "Oranienburg Louise Henriette Gym (W)"]
[BlackTeam "Remplin Benjamins (W)"]
[WhiteTeamCountry "GER"]
[BlackTeamCountry "GER"]

1. e4 e5 2. Nf3 Nc6 3. Nc3 Nf6 4. Bc4 b5 5. Bxb5 Na5 6. Nxe5 Bd6 7. Nf3 Bb4 8. 0-0 a6 9. Ba4 Bb7 10. d3 0-0 11. a3 Bd6 12. e5 Bc5 13. exf6 Qxf6 14. Bxd7 Rad8 15. Bg4 Nc6 16. Bg5 Qd6 17. Ne4 Qg6 18. Nxc5 Ba8 19. h3 f6 20. Bf4 h5 21. Be6+ Rf7 22. Nh4 Qh7 23. c3 Ne7 24. Qb3 Rdf8 25. Nd7 Bd5 26. Bxd5 Nxd5 27. Qxd5 Rd8 28. Rad1 Rdxd7 29. Qa8+ Rf8 30. Qc6 Rff7 31. Qxa6 g5 32. Qc4 gxf4 33. Qxf4 Qxd3 34. Rxd3 c6 35. Rg3+ Rg7 36. Qh6 Rdf7 37. Re1 Kf8 38. Qh8+ Rg8 39. Rxg8# 1-0